000 00561cam a22002053a 4500
001 41863
003 PGUSA
005 20140828083938.0
008 130118s2013||||xxu|||||s|||||000 | eng d
040 _aPGUSA
_beng
042 _adc
100 1 _aCostantini, Anna Miller
245 1 0 _aRagna
_h[electronic resource] /
_cAnna Miller Costantini
260 _bProject Gutenberg,
_c2013
506 _aPublic domain in the USA.
516 _aElectronic text
830 0 _aProject Gutenberg
_v41863
856 4 0 _uhttp://www.gutenberg.org/ebooks/41863
942 _cEB
999 _c271115
_d271115